Statistics for Countries With a Peak Over 5000 Metres

Click here to take the quiz!

General Stats

  • This quiz has been taken 21 times
    (12 since last reset)
  • The average score is 22 of 26

Answer Stats

Answer% Correct
Canada
100%
Chile
100%
China
100%
India
100%
Nepal
100%
Russia
100%
United States
100%
Argentina
92%
Bhutan
92%
Iran
92%
Kenya
92%
Mexico
92%
Pakistan
92%
Peru
92%
Tanzania
92%
Tajikistan
83%
Afghanistan
75%
Bolivia
75%
Colombia
75%
Democratic Republic of the Congo
75%
Ecuador
75%
Kyrgyzstan
75%
Myanmar
75%
Uganda
75%
Georgia
58%
Turkey
58%

Score Distribution

Percentile by Number Answered

Percent of People with Each Score

Your Score History

You have not taken this quiz since the last reset